000 00235nam a2200097Ia 4500
005 20251222114413.0
008 251222s1900||||xx |||||||||||||| ||spa||
082 _aDVD0070/T27/2011/BR
245 4 _aThe help:Criadas y seƱoras
942 _cDVD
999 _c2133
_d2133